000 00184 a2200097 4500
020 _a00440444216
041 _aspa
100 _aEric Carle
245 _aThe Very Busy Spider
942 _cBK
999 _c9532
_d9532